000 01255cam a2200277 4500
001 ABS65951
008 021001n2002 000 0 eng u
035 _a(Sirsi) u119943
100 _aMalpass, P
245 _aLocal authority housing stock transfer in the UK: from local initiative to national policy
260 _c2002
490 _aHousing Studies
_v17(4) July 2002, 673-686(14)
520 _aStudies the evolution of the stock transfer process since 1988 with its transformation from local initiative to central part of government housing policy in the UK. Considers in detail policy origins and antecedents, the emergence of national policy and its rolling out. Looks more briefly atpolicy impact on the non-profit housing sector, local authorities and the issues of rents and access to housing. Future prospects are reviewed. Figures. References. (TAKEN FROM JOURNAL ABSTRACT).
590 _aABS
650 _aSTOCK TRANSFER
650 _aREGISTERED SOCIAL LANDLORDS
650 _aURBAN REGENERATION
650 _aHOUSING POLICY
650 _aLOCAL AUTHORITIES
650 _aNON-PROFIT HOUSING
650 _aRENTS
650 _aACCESS TO HOUSING
690 _aAffordable housing
_96215
700 _aMullins, D
942 _n0
999 _c71264
_d71264